00649nam a2200229Ia 450000500170000000800460001703700100006304000080007304000080008104000080008904100080009704100080010508400080011310000140012124500820013526000090021726000090022685600620023594200100029799900210030795200910032820260320201126.0008 262003s9999 xx 000 0 eng d aEBOOK aCRL beng cCRL 2eng aeng qCRL aGoldsmith 0aQuasioptical Systems: Gaussian Beam Quasioptical Propogation and Applications bIEEE c1998 uhttps://ieeexplore.ieee.org/servlet/opac?bknumber=5264471 cEBOOK c1719058d1719058 00104070aCRLbCRLd2026-03-20l0pCL2123152r2026-03-20 20:11:26w2026-03-20yEBOOK